UBT Library

12 most influential books of all times / (Record no. 42843)

000 -LEADER
fixed length control field 01004cam a22002898i 4500
001 - CONTROL NUMBER
control field 19596773
005 - DATE AND TIME OF LATEST TRANSACTION
control field 20180216090956.0
008 - FIXED-LENGTH DATA ELEMENTS--GENERAL INFORMATION
fixed length control field 170413s2017 mnu j b 001 0 eng
010 ## - LIBRARY OF CONGRESS CONTROL NUMBER
LC control number 2016047350
020 ## - INTERNATIONAL STANDARD BOOK NUMBER
International Standard Book Number 9781632354082 (hardcover : alk. paper)
020 ## - INTERNATIONAL STANDARD BOOK NUMBER
International Standard Book Number 9781632354792 (pbk. : alk. paper)
040 ## - CATALOGING SOURCE
Original cataloging agency DLC
Language of cataloging eng
Description conventions rda
Transcribing agency DLC
Modifying agency DLC
041 ## - LANGUAGE CODE
Language code of text/sound track or separate title eng
042 ## - AUTHENTICATION CODE
Authentication code pcc
080 ## - UNIVERSAL DECIMAL CLASSIFICATION NUMBER
Universal Decimal Classification number 028.09
082 00 - DEWEY DECIMAL CLASSIFICATION NUMBER
Classification number 028.09
Edition number 23
100 1# - Rafti
Rafti 21
101 ## - Shkurtesa
Shkurtesa GJL
245 10 - TITLE STATEMENT
Title 12 most influential books of all times /
Statement of responsibility, etc by Barbara Krasner.
246 3# - VARYING FORM OF TITLE
Title proper/short title Twelve most influential books of all times
263 ## - PROJECTED PUBLICATION DATE
Projected publication date 1709
504 ## - BIBLIOGRAPHY, ETC. NOTE
Bibliography, etc Includes bibliographical references and index.
776 08 - ADDITIONAL PHYSICAL FORM ENTRY
Display text Online version:
Main entry heading Krasner, Barbara, author.
Title 12 most influential books of all times
Place, publisher, and date of publication Mankato, MN : 12 Story Library, [2018]
International Standard Book Number 9781621435310
Record control number (DLC) 2017018630
906 ## - LOCAL DATA ELEMENT F, LDF (RLIN)
a 7
b rix
c orignew
d 1
e ecip
f 20
g y-gencatlg
942 ## - ADDED ENTRY ELEMENTS (KOHA)
Source of classification or shelving scheme
Item type Books
Holdings
Withdrawn status Lost status Source of classification or shelving scheme Damaged status Not for loan Collection code Permanent location Current location Shelving location Date acquired Total Checkouts Full call number Barcode Date last seen Price effective from Koha item type
          Koleksioni i përgjithshem UBT - Lipjan UBT - Lipjan Koleksioni i përgjithshem 02/16/2018   028.09 002-2998345 02/16/2018 02/16/2018 Books
UBT Library © 2015-2024. All rights reserved University Education for Business and Technology